Strategic collaboration: creating the extended organization
Wedi'i Gadw mewn:
| Prif Awdur: | |
|---|---|
| Fformat: | Llyfr |
| Iaith: | Saesneg |
| Cyhoeddwyd: |
Londres
Axon Solutions
2002
|
| Pynciau: | |
| Tagiau: |
Ychwanegu Tag
Dim Tagiau, Byddwch y cyntaf i dagio'r cofnod hwn!
|
MARC
| LEADER | 00000nam a2200000 a 4500 | ||
|---|---|---|---|
| 001 | UCL7622 | ||
| 003 | CL-VaPUC | ||
| 008 | 040528e20020000UK |||||||||||||||||eng|d | ||
| 020 | |a 0340850523 | ||
| 082 | 0 | 4 | |a 658.046 |b CAR |2 21 |
| 100 | 0 | |a Cardell, Stephen |e author |9 485439 | |
| 245 | 1 | 0 | |a Strategic collaboration: creating the extended organization |
| 300 | |a 168 p | ||
| 942 | |c BK | ||
| 945 | |d 20040528 00:00:00 |a cmena | ||
| 260 | |a Londres |b Axon Solutions |c 2002 | ||
| 650 | 0 | |a Competencia económica |9 256096 | |
| 650 | 0 | |a Globalización |9 361930 | |
| 650 | 0 | |a Gestión de la información |9 362327 | |
| 650 | 0 | |a Administración de empresas |9 260833 | |
| 650 | 0 | |a Alianzas |9 349596 | |
| 650 | 0 | |a Planificación estratégica |9 259735 | |
| 650 | 7 | |a COOPERATIVISMO |2 CL-VaPUC |9 311346 | |
| 583 | |a last modification |c 20040528 00:00:00 |k Rodrigo Vera | ||
| 999 | |c 309254 |d 309252 | ||
| 952 | |0 0 |1 0 |4 0 |6 658_046000000000000_CAR_2002 |7 0 |8 A |9 376624 |a BIBING |b BIBING |d 2019-11-21 |i 4019407 |o 658.046 CAR 2002 |p 4019407 |r 2025-01-20 |w 2019-11-21 |y BK |k EII | ||